Arqueología de las ciudades perdidas

Сохранить в:
Библиографические подробности
Формат:
Язык:испанский
Опубликовано: Barcelona Salvat 1992
Предметы:
Метки: Добавить метку
Нет меток, Требуется 1-ая метка записи!

MARC

LEADER 00000nam a2200000 a 4500
001 UCK4237
003 CL-VaPUC
008 050527e19920000SP |||||||||||||||||spa|d
020 |a 8434555514 
020 |a 8434555581v.7 
020 |a 843455559Xv.8 
020 |a 8434555603v.9 
020 |a 8434555611v.10 
020 |a 843455562Xv.11 
020 |a 8434555638v.12 
020 |a 8434555646v.13 
020 |a 8434555654v.14 
020 |a 8434555662v.15 
020 |a 8434555670v.16 
020 |a 8434555689v.17 
020 |a 8434555700v.19 
020 |a 8434555719v.20 
020 |a 8434555743v.23 
020 |a 8434555751v.24 
020 |a 843455576Xv.25 
082 0 4 |a 930.1  |b ARQ  |2 21 
245 1 0 |a Arqueología de las ciudades perdidas 
300 |a 30 v 
942 |c BK 
945 |d 20050527 00:00:00  |a jcarroza 
260 |a Barcelona  |b Salvat  |c 1992 
500 |a v.7: Atenas y Esparta 
500 |a v.8: Islas griegas 
500 |a v.9: Ciudades de Asia Menor 
500 |a v.10: Sicilia y la Magna Grecia 
500 |a v.11: Colonias griegas en el Mediterráneo 
500 |a v.12: El helenismo. La herencia de Grecia 
500 |a v.13: Las ciudades etruscas 
500 |a v.14: Roma 
500 |a v.15: Italia central 
500 |a v.16: Pompeya y la Italia meridional 
500 |a v.17: Italia septentrional 
500 |a v.19: Las galias 
500 |a v.20: Los confines del imperio romano 
500 |a v.23: Norte de África I 
500 |a v.24: Norte de África II. Constantinopla 
500 |a v.25: Irán. Asia central 
650 0 |a Arqueología   |9 265619 
650 0 |a Ciudades antiguas  |9 322407 
650 0 |a Civilizaciones antiguas  |9 265998 
650 0 |a Historia antigua  |9 267521 
651 0 |a Europa  |9 255156 
651 0 |a Asia  |9 268338 
651 0 |a África  |9 256790 
583 |a last modification  |c 20050527 00:00:00  |k Rodrigo Vera 
999 |c 313175  |d 313173 
952 |0 0  |1 0  |4 0  |6 930_100000000000000_ARQ_1992  |7 0  |8 F  |9 384292  |a BIBARQ  |b BIBARQ  |d 2019-11-22  |h v.7  |i 4127544  |o 930.1 ARQ 1992  |p 4127544  |r 2025-01-20  |w 2019-11-22  |y BK_F  |k ARQ 
952 |0 0  |1 0  |4 0  |6 930_100000000000000_ARQ_1992  |7 0  |8 F  |9 384293  |a BIBARQ  |b BIBARQ  |d 2019-11-22  |h v.8  |i 4127552  |o 930.1 ARQ 1992  |p 4127552  |r 2025-01-20  |w 2019-11-22  |y BK_F  |k ARQ 
952 |0 0  |1 0  |4 0  |6 930_100000000000000_ARQ_1992  |7 0  |8 F  |9 384294  |a BIBARQ  |b BIBARQ  |d 2019-11-22  |h v.9  |i 4127560  |o 930.1 ARQ 1992  |p 4127560  |r 2025-01-20  |w 2019-11-22  |y BK_F  |k ARQ 
952 |0 0  |1 0  |4 0  |6 930_100000000000000_ARQ_1992  |7 0  |8 F  |9 384295  |a BIBARQ  |b BIBARQ  |d 2019-11-22  |h v.10  |i 4127579  |o 930.1 ARQ 1992  |p 4127579  |r 2025-01-20  |w 2019-11-22  |y BK_F  |k ARQ 
952 |0 0  |1 0  |4 0  |6 930_100000000000000_ARQ_1992  |7 0  |8 F  |9 384296  |a BIBARQ  |b BIBARQ  |d 2019-11-22  |h v.11  |i 4127587  |o 930.1 ARQ 1992  |p 4127587  |r 2025-01-20  |w 2019-11-22  |y BK_F  |k ARQ 
952 |0 0  |1 0  |4 0  |6 930_100000000000000_ARQ_1992  |7 0  |8 F  |9 384297  |a BIBARQ  |b BIBARQ  |d 2019-11-22  |h v.12  |i 4127595  |o 930.1 ARQ 1992  |p 4127595  |r 2025-01-20  |w 2019-11-22  |y BK_F  |k ARQ 
952 |0 0  |1 0  |4 0  |6 930_100000000000000_ARQ_1992  |7 0  |8 F  |9 384298  |a BIBARQ  |b BIBARQ  |d 2019-11-22  |h v.13  |i 4127609  |o 930.1 ARQ 1992  |p 4127609  |r 2025-01-20  |w 2019-11-22  |y BK_F  |k ARQ 
952 |0 0  |1 0  |4 0  |6 930_100000000000000_ARQ_1992  |7 0  |8 F  |9 384299  |a BIBARQ  |b BIBARQ  |d 2019-11-22  |h v.14  |i 4127617  |o 930.1 ARQ 1992  |p 4127617  |r 2025-01-20  |w 2019-11-22  |y BK_F  |k ARQ 
952 |0 0  |1 0  |4 0  |6 930_100000000000000_ARQ_1992  |7 0  |8 F  |9 384300  |a BIBARQ  |b BIBARQ  |d 2019-11-22  |h v.15  |i 4127625  |o 930.1 ARQ 1992  |p 4127625  |r 2025-01-20  |w 2019-11-22  |y BK_F  |k ARQ 
952 |0 0  |1 0  |4 0  |6 930_100000000000000_ARQ_1992  |7 0  |8 F  |9 384301  |a BIBARQ  |b BIBARQ  |d 2019-11-22  |h v.16  |i 4127633  |o 930.1 ARQ 1992  |p 4127633  |r 2025-01-20  |w 2019-11-22  |y BK_F  |k ARQ 
952 |0 0  |1 0  |4 0  |6 930_100000000000000_ARQ_1992  |7 0  |8 F  |9 384302  |a BIBARQ  |b BIBARQ  |d 2019-11-22  |h v.17  |i 4127641  |o 930.1 ARQ 1992  |p 4127641  |r 2025-01-20  |w 2019-11-22  |y BK_F  |k ARQ 
952 |0 0  |1 0  |4 0  |6 930_100000000000000_ARQ_1992  |7 0  |8 F  |9 384303  |a BIBARQ  |b BIBARQ  |d 2019-11-22  |h v.19  |i 412765K  |o 930.1 ARQ 1992  |p 412765K  |r 2025-01-20  |w 2019-11-22  |y BK_F  |k ARQ 
952 |0 0  |1 0  |4 0  |6 930_100000000000000_ARQ_1992  |7 0  |8 F  |9 384304  |a BIBARQ  |b BIBARQ  |d 2019-11-22  |h v.20  |i 4127668  |o 930.1 ARQ 1992  |p 4127668  |r 2025-01-20  |w 2019-11-22  |y BK_F  |k ARQ 
952 |0 0  |1 0  |4 0  |6 930_100000000000000_ARQ_1992  |7 0  |8 F  |9 384305  |a BIBARQ  |b BIBARQ  |d 2019-11-22  |h v.23  |i 4127676  |o 930.1 ARQ 1992  |p 4127676  |r 2025-01-20  |w 2019-11-22  |y BK_F  |k ARQ 
952 |0 0  |1 0  |4 0  |6 930_100000000000000_ARQ_1992  |7 0  |8 F  |9 384306  |a BIBARQ  |b BIBARQ  |d 2019-11-22  |h v.24  |i 4127684  |o 930.1 ARQ 1992  |p 4127684  |r 2025-01-20  |w 2019-11-22  |y BK_F  |k ARQ 
952 |0 0  |1 0  |4 0  |6 930_100000000000000_ARQ_1992  |7 0  |8 F  |9 384307  |a BIBARQ  |b BIBARQ  |d 2019-11-22  |h v.25  |i 4127692  |o 930.1 ARQ 1992  |p 4127692  |r 2025-01-20  |w 2019-11-22  |y BK_F  |k ARQ